000 00791nam a22001697a 4500
999 _c64158
_d64158
003 Ge_BSU
005 20260422150110.0
008 260422b xxu||||| |||| 00| 0 geo d
041 _ageo
080 _a330.15:626/627(479.22) უ-38
100 _aუკლება, ნ.ლ.
_927354
245 _aსაქართველოს სსრ წყლის რესურსების კომპლექსური გამოყენება სახალხო მეურნეობაში /
_cნ.ლ. უკლება.
264 _aთბ. :
_bთბილ. უნ-ტის გამ-ბა,
_c1977.
300 _a394გვ. ;
_b22სმ.
653 _aსაქართველოს წყლის რესურსები
942 _2udc
_cᲬᲘᲒᲜᲘ